|
|
|
|
| LEADER |
00000nam0a2200000 4500 |
| 001 |
194798 |
| 005 |
20231031182443.0 |
| 010 |
|
|
|a 5247007972
|
| 035 |
|
|
|a (RuTPU)RU\TPU\book\212475
|
| 090 |
|
|
|a 194798
|
| 100 |
|
|
|a 20110423d1990 m y0rusy50 ca
|
| 101 |
0 |
|
|a rus
|
| 102 |
|
|
|a RU
|
| 105 |
|
|
|a a z 001zy
|
| 200 |
1 |
|
|a Геолого-экономический анализ освоения ресурсов нефти
|f Н. А. Крылов, Ю. Н. Батурин
|
| 210 |
|
|
|a Москва
|c Недра
|d 1990
|
| 215 |
|
|
|a 154 с.
|c ил.
|
| 320 |
|
|
|a Библиогр.: с. 151-153.
|
| 610 |
1 |
|
|a нефть
|
| 610 |
1 |
|
|a нефтяные ресурсы
|
| 610 |
1 |
|
|a освоение
|
| 610 |
1 |
|
|a геолого-экономические показатели
|
| 610 |
1 |
|
|a количественная оценка
|
| 610 |
1 |
|
|a суммарные ресурсы
|
| 610 |
1 |
|
|a процессы
|
| 610 |
1 |
|
|a моделирование
|
| 610 |
1 |
|
|a структура
|
| 610 |
1 |
|
|a качество
|
| 610 |
1 |
|
|a денежная оценка
|
| 610 |
1 |
|
|a поиски
|
| 610 |
1 |
|
|a геологоразведка
|
| 610 |
1 |
|
|a нефтяные запасы
|
| 610 |
1 |
|
|a прирост
|
| 675 |
|
|
|a 553.982.048
|v 3
|
| 700 |
|
1 |
|a Крылов
|b Н. А.
|g Николай Алексеевич
|
| 701 |
|
1 |
|a Батурин
|b Ю. Н.
|g Юрий Николаевич
|
| 801 |
|
1 |
|a RU
|b 63413507
|c 20110423
|
| 801 |
|
2 |
|a RU
|b 63413507
|c 20130614
|g RCR
|
| 942 |
|
|
|c BK
|